[Event "Challenge #1"]
[Site "http://www.queenalice.com/game.php?id=351799"]
[Date "2008.2.10"]
[Round "-"]
[White "Kirkland"]
[Black "Petruzza"]
[Result "1-0"]
[WhiteElo "2226"]
[BlackElo "1625"]

1. e4 e6 2. d4 d5 3. Nc3 Nc6 4. e5 a5 5. Nf3 h5 6. a3 g6 7. Bd3 Bh6 8. O-O g5 9.
Be3 g4 10. Nd2 g3 11. hxg3 h4 12. Qh5 hxg3 13. Bxh6 Rxh6 14. Qg4 gxf2+ 15. Rxf2
Nce7 16. Raf1 Nf5 17. Rxf5 exf5 18. Qxg8+ Ke7 19. Qg5+ f6 20. Qxh6 fxe5 21. Qg5+
Ke8 22. Qg8+ Kd7 23. Bxf5+ Ke7 24. Nxd5+ Qxd5 25. Qxd5 Bxf5 26. Rxf5 c6 27. Rf7+
Ke8 28. Qd7# 1-0

[Event "Challenge #2"]
[Site "http://www.queenalice.com/game.php?id=351800"]
[Date "2008.2.10"]
[Round "-"]
[White "Kirkland"]
[Black "zegan13"]
[Result "1-0"]
[WhiteElo "2249"]
[BlackElo "2280"]

1. c4 c6 2. Nf3 d5 3. e3 e6 4. b3 f5 5. Bb2 Nf6 6. Be2 Bd6 7. O-O O-O 8. d3 Nbd7
9. Nbd2 e5 10. e4 fxe4 11. dxe4 d4 12. a3 a5 13. Qc2 a4 14. b4 c5 15. b5 Nh5 16.
g3 Nb6 17. Nxd4 Nf4 18. gxf4 exd4 19. e5 Be7 20. Bd3 Rxf4 21. Rfe1 Kh8 22. Nf1
Be6 23. Bc1 Rh4 24. Bd2 1-0

[Event "Challenge #3"]
[Site "http://www.queenalice.com/game.php?id=351801"]
[Date "2008.2.10"]
[Round "-"]
[White "Kirkland"]
[Black "JMasters"]
[Result "1-0"]
[WhiteElo "2227"]
[BlackElo "2052"]

1. c4 Nf6 2. Nc3 g6 3. e4 d6 4. d4 Bg7 5. Nf3 O-O 6. Be2 Bg4 7. Be3 Nbd7 8. h3
Bxf3 9. Bxf3 c6 10. O-O Re8 11. g3 Nb6 12. Qe2 Rc8 13. Rad1 d5 14. e5 Nfd7 15.
cxd5 cxd5 16. Nxd5 Nxd5 17. Bxd5 Qb6 18. Rc1 e6 19. Bg2 Qa5 20. Bxb7 Rxc1 21.
Rxc1 Qxa2 22. Bc6 Rd8 23. Bxd7 Rxd7 24. Rc8+ 1-0

[Event "Challenge #4"]
[Site "http://www.queenalice.com/game.php?id=351802"]
[Date "2008.2.10"]
[Round "-"]
[White "Kirkland"]
[Black "YouLoseSorry"]
[Result "1-0"]
[WhiteElo "2225"]
[BlackElo "1537"]

1. e4 d5 2. exd5 Qxd5 3. Nc3 Qa5 4. Nf3 Nc6 5. Bc4 Qb4 6. d3 Bg4 7. O-O Nd4 8.
Bxf7+ Kxf7 9. Ne5+ Ke8 10. Qxg4 Nf6 11. Qd1 c5 12. Nc4 Nb5 13. Re1 Nxc3 14. bxc3
Qxc3 15. Bb2 Qb4 16. c3 Qb5 17. Nd6+ 1-0

[Event "Vamos jogar!"]
[Site "http://www.queenalice.com/game.php?id=351890"]
[Date "2008.2.13"]
[Round "-"]
[White "Kirkland"]
[Black "JMasters"]
[Result "1-0"]
[WhiteElo "2234"]
[BlackElo "2028"]

1. e4 c5 2. Nf3 d6 3. d4 cxd4 4. Nxd4 a6 5. Nc3 Nf6 6. Be2 e5 7. Nb3 Be6 8. O-O
Be7 9. f4 Qc7 10. a4 O-O 11. Kh1 Nc6 12. Nd5 Bxd5 13. exd5 Nb4 14. fxe5 dxe5 15.
Rxf6 Bxf6 16. c3 Nxd5 17. Qxd5 Rfd8 18. Qc5 Qd7 19. Be3 Rac8 20. Qa7 Qd5 21. Qb6
Qe4 22. Bf3 Qc2 23. Nc5 g6 24. Qxf6 Qxb2 25. Rf1 1-0

[Event "Let's Play Chess!"]
[Site "http://www.queenalice.com/game.php?id=353687"]
[Date "2008.2.13"]
[Round "-"]
[White "Kirkland"]
[Black "spawnwolfwolverine"]
[Result "1-0"]
[WhiteElo "2240"]
[BlackElo "1813"]

1. c4 b6 2. Nc3 d6 3. e4 Bb7 4. d3 e6 5. f4 f6 6. g3 h6 7. Qh5+ Kd7 8. f5 e5 9.
Nge2 Ne7 10. Be3 c5 11. Bg2 Nbc6 12. O-O Nd4 13. Rab1 Nxe2+ 14. Qxe2 g5 15. fxg6
Nxg6 16. Qh5 Ne7 17. Rxf6 Rg8 18. Nb5 Kc8 19. Rxd6 Qxd6 20. Nxd6+ Kc7 21. Nxb7
Kxb7 22. Qxe5 Nc6 23. Qe6 Bg7 24. Rf1 Bd4 25. Bxd4 Nxd4 26. Qd7+ Ka6 27. Qa4+
Kb7 28. Rf7+ Kb8 29. Qd7 Ne2+ 30. Kf2 Nd4 31. Qc7# 1-0

[Event "Challenge #5"]
[Site "http://www.queenalice.com/game.php?id=353759"]
[Date "2008.2.13"]
[Round "-"]
[White "Kirkland"]
[Black "CampbellMarcel"]
[Result "1-0"]
[WhiteElo "2241"]
[BlackElo "1913"]

1. e4 c5 2. Nf3 a6 3. d4 cxd4 4. Nxd4 e5 5. Nf3 Nc6 6. Bc4 Qe7 7. O-O b5 8. Bd3
h6 9. Nc3 Nf6 10. a4 b4 11. Nd5 Nxd5 12. exd5 Na5 13. Nxe5 d6 14. Ng6 fxg6 15.
Re1 Qxe1+ 16. Qxe1+ Be7 17. Bxg6+ Kd7 18. Qxb4 Bd8 19. Bf4 Nb7 20. Qc3 Bf6 21.
Qc6+ 1-0

[Event "Challenge #6"]
[Site "http://www.queenalice.com/game.php?id=353760"]
[Date "2008.2.13"]
[Round "-"]
[White "Kirkland"]
[Black "CampbellMarcel"]
[Result "1-0"]
[WhiteElo "2243"]
[BlackElo "1910"]

1. d4 f5 2. Bg5 h6 3. Bh4 g5 4. Bg3 f4 5. e3 Nf6 6. exf4 gxf4 7. Bxf4 Bg7 8. Bd3
Kf8 9. Nc3 c6 10. Nf3 d6 11. Nh4 e5 12. dxe5 dxe5 13. Ng6+ Kg8 14. Nxh8 exf4 15.
Bh7+ Kxh7 16. Qxd8 Bd7 17. Nf7 Ng8 18. O-O-O Nf6 19. Rhe1 Kg6 20. Ne5+ Kh5 21.
Qe7 Bh8 22. Qf7+ 1-0

[Event "Challenge #1"]
[Site "http://www.queenalice.com/game.php?id=361393"]
[Date "2008.2.26"]
[Round "-"]
[White "Kirkland"]
[Black "Football_rules"]
[Result "1-0"]
[WhiteElo "2245"]
[BlackElo "1516"]

1. e4 e5 2. Nf3 Nc6 3. Bc4 h6 4. O-O a6 5. d4 Bd6 6. dxe5 Nxe5 7. Nxe5 Bxe5 8.
Bxf7+ Kxf7 9. Qd5+ Kf8 10. Qxe5 d6 11. Qg3 Qe7 12. Nc3 b5 13. e5 Bb7 14. exd6
cxd6 15. Bf4 Rd8 16. Rfe1 Qf6 17. Rad1 Kf7 18. Bxd6 Rd7 19. Be5 Qg5 20. Rxd7+
Ne7 21. Rxe7+ Kxe7 22. Bf6+ Kxf6 23. Qd6+ Kf7 24. Qe6+ Kf8 25. Qe8# 1-0

[Event "Challenge #4"]
[Site "http://www.queenalice.com/game.php?id=362998"]
[Date "2008.2.29"]
[Round "-"]
[White "Kirkland"]
[Black "The_Hand_of_God"]
[Result "1-0"]
[WhiteElo "2248"]
[BlackElo "1863"]

1. e4 c5 2. Nf3 d6 3. d4 cxd4 4. Nxd4 Nf6 5. f3 e5 6. Nb3 Nxe4 7. fxe4 Qh4+ 8.
Kd2 Qxe4 9. Qf3 Qb4+ 10. Nc3 Be7 11. Bb5+ Bd7 12. Qxb7 O-O 13. Qxa8 Bxb5 14. Qe4
Qxe4 15. Nxe4 Bc6 16. Nc3 Bxg2 17. Rg1 Bc6 18. Ke2 Kh8 19. Be3 a6 20. Rad1 f5
21. Bg5 Bxg5 22. Rxg5 Rf6 23. Na5 Be8 24. Nd5 Rf8 25. Kf2 1-0

[Event "Challenge"]
[Site "http://www.queenalice.com/game.php?id=363230"]
[Date "2008.2.29"]
[Round "-"]
[White "Kirkland"]
[Black "Football_rules"]
[Result "1-0"]
[WhiteElo "2247"]
[BlackElo "1500"]

1. e4 e5 2. Nf3 Nc6 3. Bc4 h6 4. O-O Nf6 5. d4 Nxe4 6. dxe5 Bc5 7. Qd5 O-O 8.
Qxe4 Re8 9. Bd3 g6 10. Bxh6 d6 11. Bg5 Qd7 12. Nc3 Nxe5 13. Rae1 Nxf3+ 14. Qxf3
Qc6 15. Qf6 d5 16. Bxg6 Qxf6 17. Rxe8+ Kg7 18. Bxf6+ Kxg6 19. Nxd5 c6 20. Nc7
Rb8 21. Be5 f6 22. Bg3 b5 23. Rd1 Bb6 24. Nd5 cxd5 25. Bxb8 Bb7 26. Bxa7 Bxa7
27. Re7 Bxf2+ 28. Kxf2 f5 29. Rxb7 1-0

[Event "Challenge"]
[Site "http://www.queenalice.com/game.php?id=366007"]
[Date "2008.3.5"]
[Round "-"]
[White "Mateusao_99"]
[Black "Kirkland"]
[Result "0-1"]
[WhiteElo "1790"]
[BlackElo "2263"]

1. e4 c5 2. Nc3 Nc6 3. d3 e5 4. Nf3 d6 5. Be2 g6 6. O-O Bg7 7. h3 Nge7 8. Bg5 h6
9. Bxe7 Nxe7 10. Nd5 Nxd5 11. exd5 O-O 12. c3 f5 13. Qd2 Bd7 14. Bd1 Qf6 15. Bb3
Rae8 16. Qc2 g5 17. Ba4 Bxa4 18. Qxa4 Qf7 19. Qc4 e4 20. dxe4 fxe4 21. Nh2 Re5
22. Rad1 h5 23. f3 e3 24. Rde1 Qf4 25. Qxf4 gxf4 26. Re2 Rxd5 27. c4 Rd4 28. b3
Rd8 29. Rfe1 h4 30. Ng4 Rd3 31. Rb1 d5 32. cxd5 R8xd5 33. Kh2 Rd2 34. Ree1 Rxa2
35. Kg1 Rdd2 36. Kf1 Rxg2 37. Rec1 e2+ 38. Kxg2 e1=Q+ 39. Nf2 Rxf2# 0-1

[Event "Challenge #1"]
[Site "http://www.queenalice.com/game.php?id=367536"]
[Date "2008.3.8"]
[Round "-"]
[White "Kirkland"]
[Black "prmntgen"]
[Result "1-0"]
[WhiteElo "2262"]
[BlackElo "1607"]

1. e4 e5 2. Nf3 Nc6 3. Bc4 Bc5 4. b4 Nxb4 5. c3 Nc6 6. d4 Bd6 7. dxe5 Nxe5 8.
Nxe5 Bxe5 9. Bxf7+ Kxf7 10. Qd5+ Kf8 11. Qxe5 d6 12. Qd4 h6 13. O-O Ne7 14. c4
Nc6 15. Qd2 Be6 16. Na3 Ne5 17. Qe2 Qd7 18. Bb2 Qc6 19. c5 Qxc5 20. Rfc1 Qb6 21.
Bxe5 dxe5 22. Rab1 Qa5 23. Nc4 Qa6 24. Qf3+ Ke7 25. Nxe5 Rhf8 26. Ng6+ 1-0

[Event "Challenge #3"]
[Site "http://www.queenalice.com/game.php?id=368213"]
[Date "2008.3.9"]
[Round "-"]
[White "Kirkland"]
[Black "ESSantos"]
[Result "1-0"]
[WhiteElo "2265"]
[BlackElo "1805"]

1. e4 e5 2. Nf3 Qf6 3. Nc3 Ne7 4. Bc4 c6 5. d4 exd4 6. e5 Qg6 7. Nh4 b5 8. Nxg6
Nxg6 9. Nxb5 cxb5 10. Qf3 Nxe5 11. Qxa8 Nec6 12. Bxb5 Bd6 13. Bxc6 dxc6 14. Qxa7
c5 15. O-O O-O 16. Qb6 Rd8 17. Qxd8+ 1-0

[Event "Challenge #1"]
[Site "http://www.queenalice.com/game.php?id=369775"]
[Date "2008.3.12"]
[Round "-"]
[White "Kirkland"]
[Black "Lightningzap007"]
[Result "1-0"]
[WhiteElo "2264"]
[BlackElo "1719"]

1. e4 c5 2. Nf3 d6 3. d4 cxd4 4. Nxd4 Nf6 5. Nc3 g6 6. Be3 Bg7 7. f3 O-O 8. Qd2
Nc6 9. Bc4 Bd7 10. O-O-O Qa5 11. Bb3 Rfc8 12. Kb1 Ne5 13. Qe2 a6 14. g4 b5 15.
h4 Nc4 16. h5 Nxb2 17. Kxb2 Qxc3+ 18. Kb1 Rab8 19. Rd3 Qc7 20. hxg6 hxg6 21. Qh2
a5 22. Bh6 Bh8 23. Bf8 Kxf8 24. Qxh8+ Ng8 25. Rh7 Be6 26. Bxe6 fxe6 27. Nxe6+
1-0